Movies Quiz

Random Movies or Actor Quiz

Highest Grossing Movie (US) per Actor Quiz Stats

Quiz not verified by Sporcle

Challenge
Share
Tweet
Embed
Score 0/24 Timer 05:00
0 Plays Today
Actor Movie % Correct
Russell CroweGladiator
85.7%
Christian BaleThe Dark Knight
85.3%
Robert Downey Jr.Iron Man
81.5%
Arnold SchwarzeneggerTerminator 2: Judgment Day
80.8%
Tom HanksForrest Gump
80.4%
Will SmithIndependence Day
77.3%
John TravoltaGrease
76.8%
George ClooneyOcean's Eleven
73.9%
Matt DamonThe Bourne Ultimatum
70.5%
Clint EastwoodGran Torino
69.1%
Jack NicholsonBatman
62.9%
Johnny DeppPirates of the Caribbean: Dead Man's Chest
61.1%
Actor Movie % Correct
Tom CruiseWar of the Worlds
58.1%
Ben StillerMeet the Fockers
58.1%
Bruce WillisThe Sixth Sense
56%
Adam SandlerBig Daddy
52.9%
Brad PittMr. and Mrs. Smith
52.2%
Edward NortonThe Incredible Hulk
52.1%
Will FerrellElf
51.8%
Denzel WashingtonAmerican Gangster
45.7%
Jim CarreyHow the Grinch Stole Christmas
44.6%
Dennis QuaidThe Day After Tomorrow
40.7%
Mark WahlbergPerfect Storm
29%
Mel GibsonSigns
27.2%

You're not logged in!

Compare scores with friends on all Sporcle quizzes.
Sign Up with Email
OR
Log In

You Might Also Like...

Show Comments

Extras

Top Quizzes Today


Score Distribution

Your Account Isn't Verified!

In order to create a playlist on Sporcle, you need to verify the email address you used during registration. Go to your Sporcle Settings to finish the process.

Report this User

Report this user for behavior that violates our Community Guidelines.

Details: